00779cam a22002291 4500001001300000003000400013005001700017008004100034010001700075035002000092040002500112042001200137050003800149110004100187245004200228250001200270260009500282300002700377505008300404650004500487999001700532sa 67004944 DLC20260227112352.0910130m19611962ii 000 0 eng  asa 67004944  a(OCoLC)24194608 aDLCcViUdOCoLCdDLC apremarc00aLAW 1 aMysore (India).bFinance Department.14aThe Mysore public works account code. a1st ed. aBangalore :bDirector of Print., Stationery and Publications at the Govt. Press,c1961-62. a2 v. :bill. ;c27 cm.0 av. 1. Orders issued up to the 31st December 1960.--v. 2. Appendices and forms. 0aPublic workszIndiazMysorexAccounting. c74851d74851